000 00717nam a22002297a 4500
003 UA-OsUOA
001 94237
007 ta
008 20130206b un ||||| |||| 00| 0 ukr d
090 _a821.161.2
_bЩ92
942 _cBK
040 _aUA-OsUOA
_bukr
_cUA-OsUOA
_dUA-OsUOA
245 _aЩоденник
_bлітературно-мистецький портрет
_cупор. Козинець О., Русаков С.
300 _a144 с.
955 _a3
041 _aukr
080 _a821.161.2
020 _a978-966-301-185-1
260 _aК.
_bЄвропейського університету
_c2010
650 7 _a82 Література. Літературознавство
_2UDC
999 _c380482
_d380482